| 000 | 00385nam a22001217a 4500 | ||
|---|---|---|---|
| 008 | 230627b xxu||||| |||| 00| 0 eng d | ||
| 082 |
_a338.17 _bKEN 1999 |
||
| 245 | _aImpact Assesment of the WEDCO Enterprise Development Project | ||
| 260 |
_aNairobi _bInstitute for Development Studies, University of Nairobi _c1999 |
||
| 300 | _a70p | ||
| 440 |
_n68 _pOccasional Paper |
||
| 942 |
_2ddc _cBK |
||
| 999 |
_c2917 _d2917 |
||